000
00310nam a2200145Ia 4500
100
_a
Gajjar/Dhiren
942
_c
BK
654
_a
Programming II
245
_a
Computer Programming II
260
_b
Students book depot
_a
Pune
082
_a
005-076
_b
GAJ
300
_a
219
546
_a
ENGLISH
999
_c
19083
_d
19083